| 000 | 00693nam a2200193 i 4500 | ||
|---|---|---|---|
| 001 | 80873 | ||
| 003 | ES-MaACL | ||
| 005 | 20230906174322.0 | ||
| 007 | t| | ||
| 008 | 041102s1956 sp ||||1| spa d | ||
| 100 | 1 |
_aHouston, Charles S. _964358 |
|
| 245 | 1 | 0 |
_aK 2 _b: la montaña salvaje / _cpor Charles s. Houston, Robert H. Bates y los componentes de la tercera expedición americana al Karakorum ; [traducción del inglés por Manuel Torrente]. |
| 250 | _a[1ª ed.]. | ||
| 260 |
_aBarcelona : _bPlaneta, _c1956 ( _fJuvenil) |
||
| 300 |
_a335 p., 12 lám. ; _c21 cm. |
||
| 700 | 1 |
_aBates, Robert H. _926415 |
|
| 700 | 1 |
_aTorrente, Manuel. _9110848 |
|
| 852 |
_aES-MaACL _jC-11558 _bR.39358 |
||
| 999 |
_c80873 _d80873 |
||